| 000 | 00472nam a2200169 a 4500 | ||
|---|---|---|---|
| 001 | 9283 | ||
| 003 | CO-ViMGA | ||
| 008 | 141112s2004 ck r 000 u spa d | ||
| 040 |
_aCO-ViMGA _bspa _cCO-ViMGA |
||
| 082 | 0 | 4 | _a330.092 S854 |
| 100 | 1 |
_aStigler ; Georpe, _99997 |
|
| 245 | 1 | 0 | _aEl economista como predicador y otros ensayos. |
| 260 |
_aBarcelona : _borbis, _c1982. |
||
| 300 | _a158p. | ||
| 650 | 1 | 4 |
_aEconomía, ética, MERTON, ECONOMISTAS. _99998 |
| 942 |
_2ddc _cBK |
||
| 999 |
_c20816 _d20816 |
||